<?xml version="1.0" encoding="UTF-8"?>
<collection xmlns="http://www.loc.gov/MARC21/slim">
 <record>
  <leader>04847nam a2200265 a 4500</leader>
  <controlfield tag="001">1/49402</controlfield>
  <controlfield tag="008">200714s2019    gr            00010 gre  </controlfield>
  <datafield tag="020" ind1=" " ind2=" ">
   <subfield code="a">9789606350832</subfield>
  </datafield>
  <datafield tag="035" ind1=" " ind2=" ">
   <subfield code="l">52407</subfield>
  </datafield>
  <datafield tag="040" ind1=" " ind2=" ">
   <subfield code="a">GR-PeUP</subfield>
  </datafield>
  <datafield tag="082" ind1="0" ind2="0">
   <subfield code="a">297.283 ΜΑΡ</subfield>
  </datafield>
  <datafield tag="100" ind1="1" ind2=" ">
   <subfield code="a">Μαριόρας, Μιχάλης.</subfield>
  </datafield>
  <datafield tag="245" ind1="1" ind2="0">
   <subfield code="a">Ισλάμ :</subfield>
   <subfield code="b">αναζητώντας τρόπους με τους μουσουλμάνους /</subfield>
   <subfield code="c">Μιχάλης Μαριόρας.</subfield>
  </datafield>
  <datafield tag="260" ind1="0" ind2=" ">
   <subfield code="a">Αθήνα :</subfield>
   <subfield code="b">Πεδίο,</subfield>
   <subfield code="c">2019.</subfield>
  </datafield>
  <datafield tag="300" ind1=" " ind2=" ">
   <subfield code="a">511 σ. ;</subfield>
   <subfield code="c">22 εκ.</subfield>
  </datafield>
  <datafield tag="490" ind1="1" ind2=" ">
   <subfield code="a">Θρησκειολογικές και διαθρησκευτικές προσεγγίσεις ;</subfield>
  </datafield>
  <datafield tag="500" ind1=" " ind2=" ">
   <subfield code="a">Περιλαμβάνει γλωσσάρι και ευρετήριο.</subfield>
  </datafield>
  <datafield tag="500" ind1=" " ind2=" ">
   <subfield code="a">Περιεχόμενα: Α΄ Μέρος : Διερευνώντας το Ισλάμ: Ισλαμπλογικές προσεγγίσεις 1. Στα μονοπάτια της αγάπης: 'Ενα άλλο Ισλάμ 2. Οι συγκρουσιακές σχέσεις Ιουδαίων-Χριστιανών στη νότια Αραβία πριν από την εμφάνιση του Ισλάμ: Ο διωγμός της Najran (523μ.Χ.) 3. Η παρουσία των χριστιανών στην Αραβία κατά την προϊσλαμική εποχή: Τα χριστιανικά αραβικά μοναστήρια στη Χερσόνησο και στην ευρύτερη περιοχή 4. Η Ελληνίδα μουσουλμάνα σε χριστιανικό περιβάλλον 5. Άτομο και κοινότητα στο Ισλάμ 6. Τα δικαιώματα του Ανθρώπου, του Μουσουλμάνου Ανθρώπου και η Ανθρώπινη Αξιοπρέπεια 7. Το ισλαμικό νομικό σύστημα και η κοινωνική πρόκληση από ελληνορθόδοξη οπτική: Η περίπτωση της Δυτικής Θράκης 8. Οι θρησκευτικές ελευθερίες στο Ισλάμ: «Στη θρησκεία δεν υπάρχει καταναγμασμός» (Quran, 2:256) 9. Η σχέση νόμου-θρησκείας στο πρώιμο Ισλάμ: Ο νομοθετικός ρόλος του Προφήτη Μωάμεθ και ο χαρακτήρας του Κορανίου ως νομικού κειμένου. 10. Η εικονα των μουσουλμάνων Αράβων για τους Βυζαντινούς: Δειγματοληπτική προσέγγιση 11. Διεθνής ιατρική-διαθρησκευτική προσέγγιση: Οι μουσουμάνοι ασθενείς 12. Σχεδίασμα ισλαμικής οικολογίας: Η κορανική διδασκαλία για το περιβάλλον Β΄ Μέρος : Αλφαβητάρι του Ισλάμ: Όροι και Έννοιες-Κλειδιά 1. Εισαγωγικό σημείωμα 2. Ισλάμ 3. Μωάμεθ (570;-632 μ.Χ.) 4. Κοράνιο 5. Οι Πέντε Στύλοι 6. Σούνα 7. Σαρία 8. Θεολογία 9. Σούφι - Η μυστική παράδοση 10. Φιλοσοφία 11. Ιμάμης - ιερατείο 12. Ουλεμάδες - Ιτζμά 13. Ούμα 14. Σουνίτες 15. Σιίτες 16. Τζιχάντ - Ο Ιερός Πόλεμος 17. Εορταστικός κύκλος 18. Οι πρώτοι αιώνες της ισλαμικής ιστορίας (632-1258 μ.Χ.) 19. Μεσαιωνική περίοδος (125 8μ.Χ.- 18ος αι.) 20. Σύγχρονη εποχή 21. Η Ισλαμική οικογένεια 22. Η θέση της γυναίκας 23. Ισλοαμική τέχνη 24. Ισλαμική μεταρρύθμιση 25. Ισλαμισμός 26. Έλληνες μουσουλμάνοι της Θράκης 27. Μουσουλμάνοι στην Ελλάδα 28. Ανέγερση και λειτουργία τζαμιού στην Αθήνα 29. Διαθρησκειακός διάλογος 30. Συνύπαρξη - Κοινοί τόποι</subfield>
  </datafield>
  <datafield tag="650" ind1=" " ind2="4">
   <subfield code="a">Ισλάμ.</subfield>
  </datafield>
  <datafield tag="650" ind1=" " ind2="4">
   <subfield code="a">Μουσουλμάνοι</subfield>
   <subfield code="z">Ελλάδα.</subfield>
  </datafield>
  <datafield tag="650" ind1=" " ind2="4">
   <subfield code="a">Ισλάμ</subfield>
   <subfield code="x">Σχέσεις</subfield>
   <subfield code="x">Χριστιανισμός.</subfield>
  </datafield>
  <datafield tag="650" ind1=" " ind2="4">
   <subfield code="a">Islam.</subfield>
  </datafield>
  <datafield tag="830" ind1=" " ind2=" ">
   <subfield code="a">Θρησκειολογικές και διαθρησκευτικές προσεγγίσεις.</subfield>
  </datafield>
  <datafield tag="852" ind1=" " ind2=" ">
   <subfield code="a">INST</subfield>
   <subfield code="b">UNIPILB</subfield>
   <subfield code="c">MAIN</subfield>
   <subfield code="e">20200714</subfield>
   <subfield code="h">297.283 ΜΑΡ</subfield>
   <subfield code="p">00183305</subfield>
   <subfield code="q">00183305</subfield>
   <subfield code="t">LOAN</subfield>
   <subfield code="y">0</subfield>
   <subfield code="4">1</subfield>
  </datafield>
  <datafield tag="852" ind1=" " ind2=" ">
   <subfield code="a">INST</subfield>
   <subfield code="b">UNIPILB</subfield>
   <subfield code="c">MAIN</subfield>
   <subfield code="e">20200714</subfield>
   <subfield code="h">297.283 ΜΑΡ</subfield>
   <subfield code="p">00183306</subfield>
   <subfield code="q">00183306</subfield>
   <subfield code="t">LOAN</subfield>
   <subfield code="y">0</subfield>
   <subfield code="4">2</subfield>
  </datafield>
 </record>
</collection>
